000 00519nam a2200193Ia 4500
005 20250326143835.0
008 250326s9999 xx 000 0 und d
020 _a1-56327-015-3
037 _aTextbook
040 _aFMSL
_beng
_cFMSL
041 _aeng
_2eng
084 _aX:89M N3
_qFMSL
100 _aNorthey P
_9748606
245 0 _aCycle time management
_cNorthey P; Southway N
260 _aUSA
_bUSA, Productivity
_c1993
300 _a184p
942 _cTB
_hX:89M N3
999 _c1301275
_d1301275